| 000 | 01407cam a2200325 a 4500 | ||
|---|---|---|---|
| 001 | 1086838 | ||
| 003 | OSt | ||
| 005 | 20220103144803.0 | ||
| 008 | 920316s1993 ilu b 000 0 eng | ||
| 010 | _a 92010625 | ||
| 020 | _a0809318261 (acidfree paper) | ||
| 020 | _a080931827X (pbk.) | ||
| 040 |
_aDLC _cHU _dDLC |
||
| 050 | 0 | 0 |
_aPE1404 _b.W729 1993 |
| 082 | 0 | 0 |
_a808/.042/07 _220 |
| 245 | 0 | 0 |
_aWriting ourselves into the story : _bunheard voices from composition studies / _cedited by Sheryl I. Fontaine & Susan Hunter. |
| 260 |
_aCarbondale : _bSouthern Illinois University Press, _cc1993. |
||
| 300 |
_avii, 383 p. ; _c24 cm. |
||
| 504 | _aIncludes bibliographical references. | ||
| 650 | 0 |
_aEnglish language _xRhetoric _xStudy and teaching. _913389 |
|
| 650 | 0 |
_aEnglish language _xComposition and exercises. _918484 |
|
| 650 | 0 |
_aReport writing _xStudy and teaching. _918485 |
|
| 700 | 1 |
_aFontaine, Sheryl I., _d1955- _926889 |
|
| 700 | 1 |
_aHunter, Susan, _d1948- _926890 |
|
| 856 | 4 | 2 |
_3Publisher description _uhttp://www.loc.gov/catdir/enhancements/fy0710/92010625-d.html |
| 856 | 4 | 2 |
_3Contributor biographical information _uhttp://www.loc.gov/catdir/enhancements/fy0710/92010625-b.html |
| 906 |
_a7 _bcbc _corignew _d1 _eocip _f19 _gy-gencatlg |
||
| 942 |
_2ddc _cBOOKS _n0 |
||
| 999 |
_c25807 _d25807 |
||